Teams that have won more than one NCAA Basketball Championships - Statistics

General Stats
  • This quiz has been taken 3,260 times
  • The average score is 8 of 14
Answer Stats
Year of Title # of Titles Answer % Correct
64,65,67,68,69,70,71,72,73,75,95 11 UCLA
98%
48,49,51,58,78,96,98,12 8 Kentucky
90%
57,82,93,05,09 5 North Carolina
76%
91,92,01,10 4 Duke
75%
99,04,11,14 4 Connecticut
69%
40,53,76,81,87 5 Indiana
62%
52,88,08 3 Kansas
61%
06,07 2 Florida
60%
80,86,13 3 Louisville
57%
79,00 2 Michigan State
42%
74,83 2 North Carolina State
36%
55,56 2 San Francisco
34%
61,62 2 Cincinnati
31%
45,46 2 Oklahoma A&M
19%
No matching quizzes found
Score Distribution
Percent of People with Each Score
Percentile by Number Answered
Your Score History
You have not taken this quiz